Countries of the World by Biggest Exports - Statistics

General Stats
  • This quiz has been taken 1,461 times
  • The average score is 98 of 193
Answers on the Map
Answers color-coded by a green-red scale on the quiz's map according to % correct below.
 
Answer Stats
Country Answer % Correct
Algeria | Angola | Antigua and Barbuda | +40 others Petroleum
95%
Andorra | Austria | Czech Republic | +10 others Cars
74%
Afghanistan | Bolivia | Burkina Faso | +20 others Gold
73%
Australia | Brazil | Liberia | +2 others Iron Ore
60%
Botswana | Israel | Lesotho Diamonds
57%
Ethiopia Coffee
55%
Armenia | Bulgaria | Chile | +7 others Copper
54%
Uruguay Beef
51%
Cape Verde | Grenada | Kiribati | +5 others Fish
50%
Indonesia | Mozambique Coal
48%
Estonia | Latvia | Solomon Islands Wood
46%
Bangladesh | Cambodia | El Salvador | +9 others Clothing
42%
Palau Computers
33%
Belize Sugar Cane
32%
Fiji Water
30%
Bahrain | Iceland | Montenegro Aluminium
27%
Kenya Tea
26%
Bosnia & Herzegovina | Laos Energy
24%
New Zealand Milk
24%
Iran Plastic
23%
Eritrea Zinc
23%
South Africa Platinum
20%
Syria Olive Oil
19%
Cyprus | Marshall Islands | Seychelles | +2 others Boats
18%
Malawi Tobacco
17%
Djibouti Palm Oil
16%
Finland Paper
16%
Denmark | France | Italy | Slovenia Packaged Medications
15%
Argentina | Paraguy Soybeans
15%
Albania Footwear
10%
Palestine Stone
10%
Sierra Leone Titanium Ore
10%
Malaysia | Malta | Philipines | +3 others Integrated Circuits
9%
Cuba Cigars
6%
Côte d'Ivoire | São Tomé and Príncipe Cocoa Beans
6%
Benin Cotton
6%
Thailand Data Processing Equipment
6%
Madagascar Vanilla
6%
Barbados Rum
5%
Belgium | Ireland Vaccines
5%
Somalia Goats
4%
Moldova | Serbia Insulated Wire
4%
China | Saint Kitts and Nevis | Vietnam Broadcasting Equipment
3%
Poland Car Parts
3%
Samoa Coconut Oil
3%
Belarus | Morocco Fertilizers
3%
Costa Rica | Dominica Medical Equipment
3%
North Macedonia Automobile Catalysts
2%
Gambia | Guinea-Bissau Cashews
2%
San Marino Dishwashers
2%
Tonga Shellfish
2%
Eswatini Soft drink concentrates
2%
Nepal Soybean Oil
2%
Ukraine Sunflower Seed Oil
2%
Jamaica Aluminium Oxide
1%
Comoros Cloves
1%
Bhutan Ferroalloys
1%
No matching quizzes found
Score Distribution
Percent of People with Each Score
Percentile by Number Answered
Your Score History
You have not taken this quiz